000 00341nam a2200133Ia 4500
003 GCL
008 140319s9999 xx 000 0 ara d
040 _aGCL /
_cGCL
082 0 4 _a191
_bس ذ
100 1 _aسعيد مراد
245 1 0 _aذكى نجيب محمود: اراء وافكار /
_cسعيد مراد
300 _a271 ص
490 _a
999 _c37808
_d37808